|
|
|
|
| LEADER |
01427nam a2200385Ia 4500 |
| 001 |
EBC737745 |
| 003 |
MiAaPQ |
| 005 |
20200520144314.0 |
| 006 |
m o d | |
| 007 |
cr cn||||||||| |
| 008 |
110317s2011 maua sb 001 0 eng d |
| 010 |
|
|
|z 2011010107
|
| 020 |
|
|
|z 9789004201576
|
| 035 |
|
|
|a (MiAaPQ)EBC737745
|
| 035 |
|
|
|a (Au-PeEL)EBL737745
|
| 035 |
|
|
|a (CaPaEBR)ebr10483782
|
| 035 |
|
|
|a (CaONFJC)MIL316133
|
| 035 |
|
|
|a (OCoLC)743693797
|
| 040 |
|
|
|a MiAaPQ
|c MiAaPQ
|d MiAaPQ
|
| 050 |
|
4 |
|a HB501
|b .M5536 2011
|
| 082 |
0 |
4 |
|a 330.12/2
|2 22
|
| 100 |
1 |
|
|a McNally, David,
|d 1953-
|
| 245 |
1 |
0 |
|a Monsters of the market
|h [electronic resource] :
|b zombies, vampires, and global capitalism /
|c by David McNally.
|
| 260 |
|
|
|a Leiden ;
|a Boston :
|b Brill,
|c c2011.
|
| 300 |
|
|
|a x, 296 p. :
|b ill.
|
| 490 |
1 |
|
|a Historical materialism book series ;
|v 30
|
| 504 |
|
|
|a Includes bibliographical references and index.
|
| 533 |
|
|
|a Electronic reproduction. Ann Arbor, MI : ProQuest, 2015. Available via World Wide Web. Access may be limited to ProQuest affiliated libraries.
|
| 650 |
|
0 |
|a Capitalism
|y 21st century.
|
| 650 |
|
0 |
|a Free enterprise.
|
| 650 |
|
0 |
|a Globalization
|x Economic aspects.
|
| 655 |
|
4 |
|a Electronic books.
|
| 710 |
2 |
|
|a ProQuest (Firm)
|
| 830 |
|
0 |
|a Historical materialism book series ;
|v 30.
|
| 856 |
4 |
0 |
|u https://ebookcentral.proquest.com/lib/matrademy/detail.action?docID=737745
|z Click to View
|